01538 2200205 4500001002100000005001500021035002000036008004100056245003600097100002300133250000600156260003800162300001200200084001400212082000800226650001000234520106400244990001201308990001201320INLIS00000000000089420240604075522 a0010-0524000129240604 1 ind 1 aMata Kedua /cRamaditya Adikara aAdikara, Ramaditya a1 aYogyakarta :bSheila/ Andi,c2013 a368 hlm a813 RAM m a813 4aFiksi aRama adalah seorang tunanetra yang punya cita-cita tinggi.Ia ingin sekolah di sekolah umum, bukan di SLB seperti halnya murid-murid tunanetra lain. Setelah melalui perjuangan keras, akhirnya ia berhasil diterima di sebuah SMA unggulan, yaitu SMA 67. Di hari pertamanya sekolah, Rama menabrak pintu gerbang sekolah yang sudah ditutup karena upacara bendera telah dimulai.Rama ditolong oleh penjaga gerbang sekolah, lalu dibariskan di antara murid-murid yang tengah upacara. Saat sedang mengikuti upacara sambil memegangi hidungnya yang luka, seorang murid perempuan menyapa dan memberinya sapu tangan untuk menyeka luka di hidungnya. Rama sangat senang menerima bantuan itu, namun ia belum sempat menanyakan nama murid perempuan itu karena bel tanda bubar upacara keburu berbunyi. Maka, Rama pun berusaha mencari kelasnya. Di saat itulah tongkat Rama menyenggol kaki murid perempuan bernama Cindy yang langsung mendampratnya. Beruntung Rama ditolong oleh Elis, murid cantik yang kemudian jadi teman akrab Rama. Akhirnya Rama menemukan kelasnya yaitu kelas 1-7. a0741388 a0741389